Statistics for Top 10 Countries that Produce the Most Citrus Fruits

Click here to take the quiz!

General Stats

  • This quiz has been taken 1,180 times
  • The average score is 7 of 10

Answer Stats

# TonnesCountry% Correct
10.1 milUnited States
95%
33 milChina
94%
19 milBrazil
91%
10.0 milIndia
87%
7 milMexico
87%
6 milSpain
71%
2.8 milArgentina
63%
3.6 milTurkey
51%
4 milEgypt
39%
3.8 milNigeria
27%

Score Distribution

Percentile by Number Answered

Percent of People with Each Score

Your Score History

You have not taken this quiz